Научные основы управления и организации труда: учебное пособие

التفاصيل البيبلوغرافية
المؤلف الرئيسي: Комлев Е. Н. Евгений Николаевич
اللغة:الروسية
منشور في: Москва, Высшая школа, 1987
سلاسل:Учебное пособие для техникумов
الموضوعات:
التنسيق: MixedMaterials كتاب
KOHA link:https://koha.lib.tpu.ru/cgi-bin/koha/opac-detail.pl?biblionumber=60810

MARC

LEADER 00000nam0a2200000 4500
001 60810
005 20231031061947.0
035 |a (RuTPU)RU\TPU\book\64298 
090 |a 60810 
100 |a 20040220d1987 m y0rusy50 ca 
101 0 |a rus 
102 |a RU 
105 |a a j 001zy 
200 1 |a Научные основы управления и организации труда  |e учебное пособие  |f Е. Н. Комлев 
210 |a Москва  |c Высшая школа  |d 1987 
215 |a 335 с.  |c ил. 
225 1 |a Учебное пособие для техникумов 
320 |a Библиогр.: с. 328-330. 
320 |a Предметный указатель: с. 331-332. 
610 1 |a организация производства 
610 1 |a организация труда 
610 1 |a управление 
610 1 |a управленческий труд 
610 1 |a трудовые коллективы 
610 1 |a НОТ 
610 1 |a учебные пособия 
675 |a 658.387(087.8)  |v 3 
700 1 |a Комлев  |b Е. Н.  |g Евгений Николаевич 
801 1 |a RU  |b 63413507  |c 20040220  |g PSBO 
801 2 |a RU  |b 63413507  |c 20180605  |g PSBO 
942 |c BK